Hitotsubashi Journal of Economics

Salvato in:
Dettagli Bibliografici
Natura: Periodico
Lingua:inglese
Pubblicazione: Tokyo Hitotsubashi University
Soggetti:
Tags: Aggiungi Tag
Nessun Tag, puoi essere il primo ad aggiungerne!!

MARC

LEADER 00000nas1a22000001 4500
001 s120199
005 20250701092132.9
022 |a 0018-280X 
022 |a 2436-097X 
041 0 |a eng 
044 |a JP 
245 1 0 |a Hitotsubashi Journal of Economics 
264 1 |a Tokyo  |b Hitotsubashi University 
610 2 0 |a ekonómia